Catholic Bible dictionary / (Record no. 8820)

MARC details
000 -LEADER
fixed length control field 01076cam a2200301 a 4500
001 - CONTROL NUMBER
control field 15294213
003 - CONTROL NUMBER IDENTIFIER
control field GBCCL
005 - DATE AND TIME OF LATEST TRANSACTION
control field 20241126110659.0
008 - FIXED-LENGTH DATA ELEMENTS--GENERAL INFORMATION
fixed length control field 080508s2009 nyubf d 001 0 eng
010 ## -
-- 2008020687
020 ## - INTERNATIONAL STANDARD BOOK NUMBER
International Standard Book Number 9780385512299 (hbk.) : $45.00
020 ## - INTERNATIONAL STANDARD BOOK NUMBER
International Standard Book Number 0385512295 (hbk.) : $45.00
035 ## - SYSTEM CONTROL NUMBER
System control number (OCoLC)ocn228631682
040 ## - CATALOGING SOURCE
Original cataloging agency DLC
Transcribing agency DLC
Modifying agency YDX
-- BTCTA
-- OCP
-- GK5
-- YDXCP
-- VP@
-- BWX
-- DLC
050 00 -
-- BS440
-- .H23 2009
082 00 - DEWEY DECIMAL CLASSIFICATION NUMBER
Classification number 220.3
Edition information 22
Item number CAT
245 00 - TITLE STATEMENT
Title Catholic Bible dictionary /
Statement of responsibility, etc. general editor, Scott Hahn.
250 ## - EDITION STATEMENT
Edition statement 1st ed.
260 ## - PUBLICATION, DISTRIBUTION, ETC.
Place of publication, distribution, etc. New York :
Name of publisher, distributor, etc. Doubleday,
Date of publication, distribution, etc. c2009.
300 ## - PHYSICAL DESCRIPTION
Extent xvi, 992 p., [8] p. of plates :
Other physical details col. maps ;
Dimensions 25 cm.
500 ## - GENERAL NOTE
General note Includes index.
610 20 - SUBJECT ADDED ENTRY--CORPORATE NAME
Corporate name or jurisdiction name as entry element Catholic Church
General subdivision Doctrines.
9 (RLIN) 2007
630 00 - SUBJECT ADDED ENTRY--UNIFORM TITLE
Uniform title Bible
Form subdivision Dictionaries.
9 (RLIN) 1814
700 1# - ADDED ENTRY--PERSONAL NAME
Personal name Hahn, Scott.
9 (RLIN) 15513
906 ## - LOCAL DATA ELEMENT F, LDF (RLIN)
a 7
b cbc
c orignew
d 1
e ecip
f 20
g y-gencatlg
942 ## - ADDED ENTRY ELEMENTS (KOHA)
Source of classification or shelving scheme Dewey Decimal Classification
Koha item type Reference Books
Holdings
Withdrawn status Lost status Source of classification or shelving scheme Damaged status Not for loan Home library Current Library Shelving location Date acquired Total checkouts Full call number Barcode Date last seen Copy number Price effective from Koha item type
    Dewey Decimal Classification     GRACE BIBLE COLLEGE GRACE BIBLE COLLEGE Dictionary 2021-11-05   220.3 CAT 015274 2025-05-01 c.1 2021-11-05 Reference Books
© Grace Bible College Library 2025